[Event "Bhubaneswar op-A 14th"]
[Site "Bhubaneswar"]
[Date "2023.06.15"]
[Round "6"]
[White "Garimella, Srivallabhaditya"]
[Black "Charan, Sandipagu"]
[Result "0-1"]
[WhiteElo "1505"]
[BlackElo "1671"]
[PlyCount "80"]
[EventDate "2023.06.11"]
[EventType "swiss"]
[EventRounds "10"]
[EventCountry "IND"]
[SourceTitle "CBM 214 Extra"]
[Source "ChessBase"]
[SourceDate "2023.07.31"]
[SourceVersion "1"]
[SourceVersionDate "2023.07.31"]
[SourceQuality "1"]

1. e4 c5 2. Nf3 d6 3. d4 cxd4 4. Nxd4 Nf6 5. Nc3 a6 6. Be3 e5 7. Nf3 Be7 8. Bc4 0-0 9. 0-0 Nbd7 10. Qe2 Qc7 11. Rad1 b5 12. Bd5 Bb7 13. Bxb7 Qxb7 14. Bg5 Rac8 15. Bxf6 Nxf6 16. Nd5 Nxd5 17. Rxd5 f5 18. Rfd1 fxe4 19. Qxe4 Rf4 20. Qe2 Rcf8 21. Qe3 Qc8 22. R1d2 R8f6 23. Ne1 Rg6 24. h3 Qf5 25. Kh2 Re4 26. Qf3 Rf4 27. Qe3 Rf6 28. Nf3 Re4 29. Qg5 Qe6 30. R2d3 Rxf3 31. Qh5 Rf8 32. Rd2 Ref4 33. Kg1 Rxf2 34. R2d3 Rf1+ 35. Kh2 Qf7 36. Qxf7+ R8xf7 37. Ra3 R7f2 38. Rxa6 Bg5 39. Kg3 Bf4+ 40. Kh4 Rxg2 0-1

[Event "Bhubaneswar op-A 14th"]
[Site "Bhubaneswar"]
[Date "2023.06.13"]
[Round "3"]
[White "Charan, Sandipagu"]
[Black "Majumder, Shrayan"]
[Result "0-1"]
[WhiteElo "1671"]
[BlackElo "1843"]
[PlyCount "116"]
[EventDate "2023.06.11"]
[EventType "swiss"]
[EventRounds "10"]
[EventCountry "IND"]
[SourceTitle "CBM 214 Extra"]
[Source "ChessBase"]
[SourceDate "2023.07.31"]
[SourceVersion "1"]
[SourceVersionDate "2023.07.31"]
[SourceQuality "1"]

1. e4 e6 2. d4 d5 3. Nc3 Nf6 4. e5 Nfd7 5. f4 c5 6. Nf3 Nc6 7. Be3 Be7 8. Qd2 0-0 9. dxc5 Qa5 10. 0-0-0 b6 11. Bb5 Nb4 12. a3 bxc5 13. Bxd7 Bxd7 14. axb4 cxb4 15. Nb1 Rfc8 16. Nd4 Qa2 17. Qd3 a5 18. Kd2 a4 19. Ke2 Qxb2 20. Rd2 a3 21. c3 a2 22. Rxb2 a1Q 23. Rc2 b3 24. Nxb3 Qa4 25. Nd4 Bc5 26. Kf3 f6 27. Qd1 Rf8 28. Kg3 Qa7 29. Rf2 Qc7 30. Qg4 fxe5 31. Nxe6 exf4+ 32. Kh3 Qe5 33. Bd4 Qxe6 34. Qxe6+ Bxe6+ 35. g4 Bxd4 36. cxd4 h5 37. Re1 Bxg4+ 38. Kg2 Ra1 39. Ref1 g5 40. Nc3 Ra3 41. Nb5 Rb3 42. Nc7 Bh3+ 43. Kg1 Bxf1 44. Rxf1 Rfb8 45. Ne6 Rb1 46. Nxg5 Rxf1+ 47. Kxf1 Rb2 48. h4 Rh2 49. Nf3 Rh3 50. Kg2 Rg3+ 51. Kf2 Kg7 52. Ne1 Kf6 53. Nc2 Kf5 54. Nb4 Ke4 55. Nc6 Rc3 56. Ne7 Rc2+ 57. Kf1 f3 58. Kg1 Rc7 0-1

[Event "Bhubaneswar op-A 14th"]
[Site "Bhubaneswar"]
[Date "2023.06.12"]
[Round "2"]
[White "Antony, Jesumarian Leslie"]
[Black "Charan, Sandipagu"]
[Result "0-1"]
[WhiteElo "1784"]
[BlackElo "1671"]
[PlyCount "120"]
[EventDate "2023.06.11"]
[EventType "swiss"]
[EventRounds "10"]
[EventCountry "IND"]
[SourceTitle "EXT 2024"]
[Source "ChessBase"]
[SourceDate "2023.10.10"]
[SourceVersion "1"]
[SourceVersionDate "2023.10.10"]
[SourceQuality "1"]

1. e4 c5 2. Nf3 d6 3. d4 cxd4 4. Nxd4 Nf6 5. Nc3 a6 6. Be2 e5 7. Nb3 Be7 8. 0-0 Be6 9. f4 exf4 10. Bxf4 Nc6 11. Kh1 0-0 12. Qe1 Qc7 13. Rd1 Rfd8 14. Qg3 Ne5 15. Nd4 Ng6 16. Bg5 Ne8 17. Nxe6 fxe6 18. Bg4 Qd7 19. Qh3 Nc7 20. Be3 Ne5 21. Bd4 Nxg4 22. Qxg4 Bf8 23. Na4 Qe8 24. Nb6 Rab8 25. Bf6 Qb5 26. Bxd8 Rxd8 27. Qf4 Qh5 28. Nc4 e5 29. Qd2 Be7 30. Nb6 Bg5 31. Qc3 Ne6 32. Qc4 Qh6 33. Nd5 b5 34. Qd3 Nc5 35. Qf3 Qg6 36. Rde1 Ne6 37. c3 Rf8 38. Qg4 Rxf1+ 39. Rxf1 h5 40. Ne7+ Kh7 41. Qh3 Bxe7 42. Rf5 Nf4 43. Qf3 Kh6 44. g3 Ne6 45. h4 Bf6 46. Qe3+ Kh7 47. Qf3 Kg8 48. Rxh5 Nc5 49. Rf5 Qh6 50. Qe2 Qc1+ 51. Rf1 Qh6 52. b4 Ne6 53. Qg4 Kf7 54. Qe2 Qg6 55. Kh2 Ke7 56. Qe3 Qg4 57. Qa7+ Ke8 58. Qe3 Be7 59. Rf3 g5 60. Rf5 gxh4 0-1